Violence & vandalism in schools

Gespeichert in:  
Bibliographische Detailangaben
Medienart: Druck Buch
Sprache:Nichtbestimmte Sprache
Veröffentlicht: Rockville, Md. 1983
In: Topical bibliography (20503-02)
Jahr: 1983
Bestand in Tübingen:In Tübingen vorhanden.
UB: KB 5 E 888
Verfügbarkeit prüfen: HBZ Gateway
Subito Bestelldienst: Jetzt bestellen.

MARC

LEADER 00000cam a22000002c 4500
001 108359057X
003 DE-627
005 20251224220012.0
007 tu
008 880120s1983 xx ||||| 00| ||und c
035 |a (DE-627)108359057X 
035 |a (DE-576)01359057X 
035 |a (DE-599)BSZ01359057X 
035 |a (OCoLC)13379016 
040 |a DE-627  |b ger  |c DE-627  |e rakwb 
082 0 |a 016.371 
245 0 0 |a Violence & vandalism in schools 
246 1 |i Ansetzungssachtitel  |a Violence and vandalism in schools 
264 1 |a Rockville, Md.  |c 1983 
300 |a 152 S. 
336 |a Text  |b txt  |2 rdacontent 
337 |a ohne Hilfsmittel zu benutzen  |b n  |2 rdamedia 
338 |a Band  |b nc  |2 rdacarrier 
490 1 |a Topical bibliography / National Institute of Justice  |v 20503-02 
583 1 |a Archivierung prüfen  |c 20200919  |f DE-640  |z 1  |2 pdager 
810 2 |a National Institute of Justice  |g USA  |t Topical bibliography  |v 20503-02  |9 20503-02  |w (DE-627)1083590375  |w (DE-576)013590375  |7 am 
951 |a BO 
ELC |b 1 
LOK |0 000 xxxxxcx a22 zn 4500 
LOK |0 001 210321854X 
LOK |0 003 DE-627 
LOK |0 004 108359057X 
LOK |0 005 20020606000000 
LOK |0 008 880120||||||||||||||||ger||||||| 
LOK |0 040   |a DE-21  |c DE-627  |d DE-21 
LOK |0 852   |a DE-21 
LOK |0 852 1  |c KB 5 E 888  |9 00 
LOK |0 935   |a krim 
LOK |0 936ln  |a k4.2.7 
LOK |0 939   |a 20-01-88  |b l01 
ORI |a SA-MARC-krimdoka001.raw 
SIG |a UB: KB 5 E 888